| 000 | 01755nam0a2200361 4500 | ||
|---|---|---|---|
| 001 | RU\NLR\bibl\851815 | ||
| 005 | 20260406074635.0 | ||
| 010 |
_a5-900999-22-Х _92000 |
||
| 021 |
_aRU _b2007-17674 _9937 |
||
| 035 | _a(NLR Aleph) 000840563 | ||
| 090 |
_a1417770 _c1417770 |
||
| 100 | _a20051011d2005 |||y0rusy50 ca | ||
| 101 | 0 | _arus | |
| 102 | _aRU | ||
| 105 | _aa ||||||||| | ||
| 200 | 1 |
_aУгреша. Страницы истории _e625 лет Николо-Угрешскому монастырю и Куликовской битве _fЕлена Егорова, Инесса Антонова |
|
| 210 |
_aУгреша _cИнформационный центр _d2005 |
||
| 215 |
_a295 с., [8] л. ил., цв. ил. _cил. _d21 |
||
| 225 | 1 | _aИстория Угреши | |
| 320 | _aБиблиогр.: с. 280-284 | ||
| 320 | _aУказ. имен: с. 285-294 | ||
| 601 | 0 | 2 |
_aСвято-Никольский Угрешский ставропигиальный мужской монастырь _cМосковская область _92210633 _3RU\NLR\auth\661327966 |
| 686 | _aЭ372.24-647.2 | ||
| 700 | 1 |
_4070 _7ca _8rus _aЕгорова _bЕ. Н. _cканд. экон. наук, писатель, пушкиновед _f1959- _gЕлена Николаевна _3RU\NLR\AUTH\7735185 _918183 |
|
| 701 | 1 |
_aАнтонова _bИ. В. _f1938-2001 _gИнесса Васильевна _4070 |
|
| 801 | 0 |
_aRU _bNLR _c20051011 _grcr |
|
| 801 | 1 |
_aRU _bNLR _c20051011 |
|
| 942 | _cBOOK | ||
| 980 | _aNB | ||